[Event "Pirgou Sphlios op 2nd"]
[Site "Greece"]
[Date "2007.08.19"]
[Round "7"]
[White "Malikentzou, Nafsika"]
[Black "Koyloympis, Ger"]
[Result "1/2-1/2"]
[WhiteElo "1260"]
[BlackElo "1645"]
[PlyCount "113"]
[EventDate "2007.08.16"]
[EventType "swiss"]
[EventRounds "7"]
[EventCountry "GRE"]
[SourceTitle "EXT 2008"]
[Source "ChessBase"]
[SourceDate "2007.11.25"]
[SourceVersion "1"]
[SourceVersionDate "2007.11.25"]
[SourceQuality "1"]

1. e4 c5 2. Nf3 e6 3. b3 a6 4. Bb2 d5 5. exd5 exd5 6. d4 cxd4 7. Nxd4 Nf6 8. Be2 Be7 9. 0-0 0-0 10. Nd2 Qc7 11. Rc1 b5 12. c4 dxc4 13. bxc4 b4 14. Bf3 Ra7 15. N2b3 Rd8 16. Qc2 Bg4 17. Rfd1 Bd6 18. h3 Bxf3 19. Nxf3 Nc6 20. Nbd4 Ne5 21. Nxe5 Bxe5 22. Nf3 Rxd1+ 23. Rxd1 Bxb2 24. Qxb2 a5 25. Qd4 h6 26. Rd3 Qd7 27. Qxd7 Rxd7 28. Rxd7 Nxd7 29. Kf1 a4 30. Nd4 Nc5 31. Ke2 b3 32. axb3 axb3 33. Kd1 Kf8 34. f3 Ke7 35. Kc1 Nd3+ 36. Kb1 b2 37. Nb3 Kd6 38. Nd2 Kc5 39. Kc2 Ne1+ 40. Kxb2 Nxg2 41. Kc3 Nf4 42. Ne4+ Kc6 43. Nf2 f5 44. Kb4 Ne2 45. h4 Ng1 46. f4 g6 47. Nd3 Nf3 48. Ne5+ Nxe5 49. fxe5 f4 50. Kc3 g5 51. hxg5 hxg5 52. Kd4 g4 53. Ke4 f3 54. Ke3 Kd7 55. c5 Kd8 56. Kf2 Ke7 57. Ke3 1/2-1/2

[Event "Pirgou Sphlios op 2nd"]
[Site "Greece"]
[Date "2007.08.18"]
[Round "5"]
[White "Papadopoulos, Theodoros"]
[Black "Koyloympis, Ger"]
[Result "0-1"]
[WhiteElo "2075"]
[BlackElo "1645"]
[PlyCount "60"]
[EventDate "2007.08.16"]
[EventType "swiss"]
[EventRounds "7"]
[EventCountry "GRE"]
[SourceTitle "EXT 2008"]
[Source "ChessBase"]
[SourceDate "2007.11.25"]
[SourceVersion "1"]
[SourceVersionDate "2007.11.25"]
[SourceQuality "1"]

1. d4 Nf6 2. Nf3 g6 3. c4 c5 4. d5 b5 5. e3 bxc4 6. Bxc4 d6 7. 0-0 Bg7 8. Nc3 0-0 9. Qc2 Nbd7 10. e4 Ng4 11. Be2 Nge5 12. Nd2 Nb6 13. f4 Ng4 14. Nf3 f5 15. h3 Nh6 16. e5 dxe5 17. fxe5 f4 18. Rd1 Bf5 19. Qb3 Rc8 20. e6 c4 21. Qb5 Bd3 22. Bxd3 cxd3 23. Qxd3 Bxc3 24. bxc3 Rf5 25. Qe4 Rc4 26. Nd4 Rxd5 27. Bxf4 Nf5 28. Re1 Nxd4 29. cxd4 Rcxd4 30. Qe2 Rxf4 0-1